00318nam a2200109Ia 450000500170000000800410001710000310005824500820008926000110017130000110018265000150019320260326100034.0260326s9999||||xx |||||||||||||| ||und|| aDisselhoff, Hans Dietrich  0aAmérica Precolombina :b El Arte de Los Pueblos /cHans Dietrich Disselhoff bPraxis a295 p. aARTE MAYA